000
00332 a2200157 4500
001
47885
020
_a
978-85-7406-585-4
040
_c
Anchieta - Aquarius
100
_a
Solotareff, Grégorie
240
1
0
_a
Lolô
_l
por
245
1
0
_a
Lolô
300
_a
32
362
0
_a
2013
650
4
_a
Literatura infanto-juvenil
942
_c
BK
999
_c
47885
_d
47885